|
|
แสดงรายละเอียดบรรณานุกรม |
|
|
Brief Record
: Get Marc (ISO 2709)
: E-mail record
: |
|
|
| LEADER 00000nama 2200000uu 4500 | |||
| 008 040531s|||| th m m a000 0 tha d | |||
| 020 9748362337 | |||
| 041 tha | |||
| 050 DS592.6 ท622ล 2537 | |||
| 100 เทพรัตนราชสุดาฯสยามบรมราชกุมารี,สมเด็จพระ. | |||
| 245 ลุยป่าฝ่าฝน/พระราชนิพนธ์ในสมเด็จพระเทพรัตนราชสุดาฯสยามบรมราชกุมารี. | |||
| 260 กรุงเทพฯ. มูลนิธิสมเด็จพระเทพรัตนราชสุดาฯ. 2537. | |||
| 300 122 หน้า. | |||
| 650 1.มาเลเซีย 2.มาเลเซีย--ภูมิประเทศและการท่องเที่ยว. | |||
| 995 001 | |||
| คุณยังไม่ได้ล็อกอิน คุณสามารถมีกิจกรรมร่วมกับเว็บไซต์ได้ แต่ต้องล็อกอินก่อน :: |
|
| สถานะ | |||||||||
| 1. | หนังสือทั่วไป | DS592.6 ท622ล 2537 | On Shelf ขอยืม | ||||||
| [แสดง 1/1 รายการ] | |||||||||
| รายการใกล้เคียง ผู้แต่ง [เทพรัตนราชสุดาฯสยามบรมราชกุมารี,สมเด็จพระ.] |
BibComment |
| คอมเมนท์ทรัพยากรรายการนี้ |
|
|